Devine le fast food - Statistiques

Statistiques générales
  • Ce quiz a été pris 251 fois
  • Le résultat moyen est 9 sur 16
Statistiques - réponses
Par images Réponse % Correct
McDonald
100%
Dominos
97%
KFC
95%
Quick
93%
Starbucks
93%
Subway
91%
Pizza Hut
83%
Taco Bell
62%
Wendy's
58%
Dunkin Donuts
47%
Chipotle
18%
Chick fil a
16%
Tim hortons
14%
Panda express
13%
Dairy Queen
10%
Little caesars
2%
Aucun quiz correspondant
Distribution des résultats
% des personnes avec chaque résultat
Percentile par nombre de réponses
Votre historique - résultats
Vous n’avez pas pris ce quiz